| 000 | 00676cam a22002051 4500 | ||
|---|---|---|---|
| 001 | sa 68001085 | ||
| 003 | DLC | ||
| 005 | 20260227112430.0 | ||
| 008 | 710903s1966 pk a s 00000 eng | ||
| 010 | _asa 68001085 | ||
| 025 | _aPL480:P-E-1095 | ||
| 043 | _aa-pk--- | ||
| 050 | 0 |
_aHA1730.5 _b.U5 |
|
| 110 | 1 | 0 |
_aUnited States. _bAID Mission to Pakistan. _bOffice of Assistant Director for Development Planning. _bPlanning Advisory Staff. |
| 245 | 1 | 0 |
_aStatistical fact book; _bselected economic & social data on Pakistan. |
| 260 | 1 |
_a[Karachi] _c1966. |
|
| 300 |
_a1 v. (various pagings) _billus. _c22 x 34 cm. |
||
| 500 | _aCover title. | ||
| 651 | 0 |
_aPakistan _xStatistics. |
|
| 999 |
_c77686 _d77686 |
||